[Event "Athens Smaok-ch"]
[Site "Greece"]
[Date "2012.09.23"]
[Round "2.11"]
[White "Geroukalis, Hristos"]
[Black "Akrivos, Apostolos"]
[Result "1/2-1/2"]
[WhiteElo "1631"]
[BlackElo "1370"]
[PlyCount "62"]
[EventDate "2012.09.16"]
[EventType "swiss"]
[EventRounds "7"]
[EventCountry "GRE"]
[SourceTitle "EXT 2024"]
[Source "ChessBase"]
[SourceDate "2023.10.10"]
[SourceVersion "1"]
[SourceVersionDate "2023.10.10"]
[SourceQuality "1"]

1. e4 e5 2. Nf3 Nc6 3. d4 exd4 4. Nxd4 Nf6 5. Nxc6 bxc6 6. Bd3 Be7 7. 0-0 0-0 8. Bf4 Rb8 9. b3 d6 10. Nd2 Nd7 11. Nf3 Bf6 12. Rb1 Re8 13. Re1 Nc5 14. c4 Bg4 15. Bc2 Ne6 16. Be3 c5 17. Qd3 Bxf3 18. gxf3 Be5 19. f4 Nxf4 20. Bxf4 Bxf4 21. f3 Qh4 22. Re2 Re5 23. Rf1 Rg5+ 24. Kh1 Qh3 25. Rg1 Rh5 26. Rgg2 Re8 27. Bd1 Ree5 28. Rc2 Reg5 29. Qe2 Rxg2 30. Qxg2 Qxg2+ 31. Rxg2 Rh3 1/2-1/2

[Event "Athens Smaok-ch"]
[Site "Greece"]
[Date "2012.09.16"]
[Round "1.3"]
[White "Galanos, Dimitrios"]
[Black "Geroukalis, Hristos"]
[Result "1-0"]
[WhiteElo "2071"]
[BlackElo "1631"]
[PlyCount "61"]
[EventDate "2012.09.16"]
[EventType "swiss"]
[EventRounds "7"]
[EventCountry "GRE"]
[SourceTitle "EXT 2024"]
[Source "ChessBase"]
[SourceDate "2023.10.10"]
[SourceVersion "1"]
[SourceVersionDate "2023.10.10"]
[SourceQuality "1"]

1. d4 Nf6 2. Nc3 g6 3. e4 d6 4. Bg5 Bg7 5. Nf3 0-0 6. Qd2 Nbd7 7. 0-0-0 c5 8. Bh6 Qc7 9. Bxg7 Kxg7 10. h4 h5 11. Kb1 a6 12. dxc5 Nxc5 13. Nd5 Nxd5 14. exd5 Bg4 15. Re1 e5 16. dxe6 Nxe6 17. Nh2 Bf5 18. Bd3 Bxd3 19. Qxd3 Rac8 20. g4 Rh8 21. c3 Qc5 22. Ka1 b5 23. Qd2 a5 24. f4 b4 25. Rc1 bxc3 26. Rxc3 Qb4 27. f5 Nc5 28. f6+ Kxf6 29. Qxd6+ Ne6 30. Rf1+ Kg7 31. Qe5+ 1-0